لوک راج / (Record no. 107195)
[ view plain ]
| 000 -LEADER | |
|---|---|
| fixed length control field | 00960nam a22002657a 4500 |
| 005 - DATE AND TIME OF LATEST TRANSACTION | |
| control field | 20170123162322.0 |
| 010 ## - LIBRARY OF CONGRESS CONTROL NUMBER | |
| LC control number | A-435639 |
| 020 ## - INTERNATIONAL STANDARD BOOK NUMBER | |
| Terms of availability | 75.00 |
| 035 ## - SYSTEM CONTROL NUMBER | |
| System control number | A-435639 |
| 037 ## - SOURCE OF ACQUISITION | |
| Source of stock number/acquisition | Cen Lib/Ret |
| 040 ## - CATALOGING SOURCE | |
| Original cataloging agency | DPL |
| Language of cataloging | UR |
| 082 ## - DEWEY DECIMAL CLASSIFICATION NUMBER | |
| Classification number | ن |
| Item number | ب ه ٹ |
| 100 ## - MAIN ENTRY--PERSONAL NAME | |
| Personal name | بھاتاچریا، پرندار کومار |
| 9 (RLIN) | 117827 |
| 245 ## - TITLE STATEMENT | |
| Title | لوک راج / |
| Statement of responsibility, etc | پرندار کومار بھاتاچریا ؛ مرتجم بلراج ورما |
| 246 ## - VARYING FORM OF TITLE | |
| Title proper/short title | Lok raaj / |
| Remainder of title | by Parendra Kumar Bhattacharya ; traslated by Balraj Varma |
| 260 ## - PUBLICATION, DISTRIBUTION, ETC. (IMPRINT) | |
| Name of publisher, distributor, etc | ساہتیہ اکادمی |
| Date of publication, distribution, etc | 1990 |
| Place of publication, distribution, etc | نیی دہلی |
| 270 ## - ADDRESS | |
| Address | رویندرا بھوں ٣٥ فیروز شاہ مارگ |
| City | نیی دہلی |
| Postal code | 110001 |
| 300 ## - PHYSICAL DESCRIPTION | |
| Extent | 380p. |
| Dimensions | 21cm(Hb) |
| 650 ## - SUBJECT ADDED ENTRY--TOPICAL TERM | |
| Topical term or geographic name as entry element | اسمیہ ادب |
| 9 (RLIN) | 108872 |
| 650 ## - SUBJECT ADDED ENTRY--TOPICAL TERM | |
| Topical term or geographic name as entry element | اسمیہ ناول |
| 9 (RLIN) | 509 |
| 650 ## - SUBJECT ADDED ENTRY--TOPICAL TERM | |
| Topical term or geographic name as entry element | Asmia lierature |
| 9 (RLIN) | 117828 |
| 650 ## - SUBJECT ADDED ENTRY--TOPICAL TERM | |
| Topical term or geographic name as entry element | Asmia novel |
| 9 (RLIN) | 117829 |
| 700 ## - ADDED ENTRY--PERSONAL NAME | |
| Personal name | بلراج ورما |
| 9 (RLIN) | 140757 |
| 942 ## - ADDED ENTRY ELEMENTS (KOHA) | |
| Source of classification or shelving scheme | Dewey Decimal Classification |
| Koha item type | Urdu Bks |
| Classification part | ن |
| Call number suffix | ب ه ٹ |
| Withdrawn status | Lost status | Damaged status | Not for loan | Home library | Current library | Date acquired | Source of acquisition | Cost, normal purchase price | Total Checkouts | Full call number | Barcode | Date last seen | Date checked out | Copy number | Cost, replacement price | Price effective from | Koha item type |
|---|---|---|---|---|---|---|---|---|---|---|---|---|---|---|---|---|---|
| Central Library | Central Library | 04/01/2016 | Cen Lib/Ret | 75.00 | 1 | ن ب ه ٹ | A-435639 | 08/08/2017 | 29/07/2017 | 1 | 75.00 | 04/01/2016 | Urdu Bks |
